000 00786cam a2200265 4500
001 M1307
008 090401t1991 xxu||||| |||| 00| 0 eng d
035 _a(Sirsi) u31051
041 _aeng
050 _a333.0017
090 _aRICS 1991/ABCD
110 _aRoyal Institution of Chartered Surveyors
_94900
245 _aReport of the working party on the repayment and remission of fees.
260 _aLondon
_bRoyal Institution of Chartered Surveyors
_c1991
300 _a(14)p. ; 30cm.
350 _a0
650 _aABOUT RICS-RICS MEMBERS
650 _aDISCIPLINARY ACTION
650 _aFEES
650 _aPROFESSIONAL CONDUCT
650 _aRICS RULES OF CONDUCT
690 _aMANAGEMENT-BUSINESS MANAGEMENT-PROFESSIONAL PRACTICE
942 _n0
948 _c04/03/1997
999 _c89543
_d89543